000 00468nam a2200181Ia 4500
005 20250326144214.0
008 250326s9999 xx 000 0 und d
037 _aTextbook
040 _aFMSL
_beng
_cFMSL
041 _aeng
_2eng
084 _qFMSL
100 _aHaberler G V
_9126061
245 0 _aTheory of international trade
_cHaberler G V
260 _aLondon
_bLondon, Willam & Row
_c1965
300 _a408p
942 _cTB
999 _c1302787
_d1302787